| 000 | 00577nam a22001697a 4500 | ||
|---|---|---|---|
| 005 | 20251108172154.0 | ||
| 008 | 250721s1990 xx 000 0 ara d | ||
| 082 | 1 | 4 | _a736.4/عنا |
| 100 | 1 | _aالمهدي، عنايات | |
| 245 | 1 | 0 |
_aفن الحفر على الخشب : _bطريقة التنفيذ مع تصميمات معدة للحفر و عرض لموضوعات تامة التنفيذ / |
| 264 | 1 |
_aالقاهرة : _bمكتبة إبن سينا، _c1990. |
|
| 300 | _a207ص | ||
| 650 | 1 | 7 | _aالخشب |
| 650 | 1 | 7 | _aالنحت |
| 942 |
_2ddc _cBK |
||
| 999 |
_c72253 _d72253 |
||